Legislación penal
Αποθηκεύτηκε σε:
| Μορφή: | Βιβλίο |
|---|---|
| Γλώσσα: | Ισπανικά |
| Έκδοση: |
Pamplona
Aranzadi
1961
|
| Θέματα: | |
| Ετικέτες: |
Προσθήκη ετικέτας
Δεν υπάρχουν, Καταχωρήστε ετικέτα πρώτοι!
|
MARC
| LEADER | 00000nam a2200000 a 4500 | ||
|---|---|---|---|
| 001 | UCS0139 | ||
| 003 | CL-VaPUC | ||
| 008 | 970418e19610000SP |||||||||||||||||spa|d | ||
| 082 | 0 | 4 | |a 345.46 |b LEG |2 21 |
| 245 | 1 | 0 | |a Legislación penal |
| 300 | |a 1697 p | ||
| 942 | |c BK | ||
| 945 | |d 19970418 00:00:00 |a paguirre | ||
| 260 | |a Pamplona |b Aranzadi |c 1961 | ||
| 650 | 7 | |a DERECHO PENAL |2 CL-VaPUC |9 11 | |
| 650 | 7 | |a LEGISLACION |2 CL-VaPUC |9 383279 | |
| 650 | 0 | |a Criminología |9 256168 | |
| 650 | 0 | |a Delitos |9 224143 | |
| 650 | 7 | |a DELITOS CONTRA LAS PERSONAS |2 CL-VaPUC |9 256124 | |
| 650 | 0 | |a Penas |9 255927 | |
| 650 | 0 | |a Aplicación de la pena |9 336797 | |
| 650 | 7 | |a DETERMINACION DE LA PENA |2 CL-VaPUC |9 383280 | |
| 650 | 7 | |a DELINCUENTES |2 CL-VaPUC |9 315465 | |
| 650 | 0 | |a Responsabilidad penal |9 254899 | |
| 651 | 0 | |a España |9 254926 | |
| 583 | |a last modification |c 19970418 00:00:00 |k Rodrigo Vera | ||
| 999 | |c 258384 |d 258382 | ||
| 952 | |0 0 |1 0 |4 0 |6 345_460000000000000_LEG_1961 |7 0 |8 A |9 282442 |a BIBDER |b BIBDER |d 2019-11-19 |i 1830848 |o 345.46 LEG 1961 |p 1830848 |r 2019-11-19 |w 2019-11-19 |y BK |k DER | ||